Explorers : a new history / Matthew Lockwood.
Available copies
- 2 of 2 copies available at LARL/NWRL Consortium.
- 1 of 1 copy available at Northwest Regional Library. (Show preferred library)
Current holds
0 current holds with 2 total copies.
Show Only Available Copies
| Location | Call Number / Copy Notes | Barcode | Shelving Location | Status | Due Date |
|---|---|---|---|---|---|
| Karlstad LINK Site | 910.9 LOC (Text) | 35500006825309 | Main | Available | - |
| Moorhead Public Library | 910.9 LOC (Text) | 33500014079958 | Main | Available | - |
Record details
- ISBN: 9781324073871
- ISBN: 132407387X
- Physical Description: 164 pages : illustrations ; 22 cm
- Edition: First edition.
- Publisher: New York : W.W. Norton & Company, [2024]
- Copyright: ©2024
Content descriptions
| Bibliography, etc. Note: | Includes bibliographical references (pages ... Read More |
| Summary, etc.: | "Unfurling a tapestry of surprising and ... Read More |
Search for related items by subject
| Subject: | Explorers. Discoveries in geography > History. |
Search for related items by series
| LDR | 02757cam a2200397 i 4500 | ||
|---|---|---|---|
| 001 | 447330 | ||
| 003 | LARL_NWRL_CONSORTIUM | ||
| 005 | 20241022155116.0 | ||
| 008 | 241004t20242024nyua b 001 0deng d | ||
| 010 | . | ‡abl2024027102 | |
| 040 | . | ‡aNjBwBT ‡cCZA ‡beng ‡erda ‡dCZA ‡dOCLCO ‡dOJ4 ‡dJQF ‡dOCLCO | |
| 020 | . | ‡a9781324073871 ‡qhc. | |
| 020 | . | ‡a132407387X ‡qhc. | |
| 035 | . | ‡a(OCoLC)1458615869 | |
| 082 | 0 | 4. | ‡a910.9 ‡223/eng/20241003 |
| 100 | 1 | . | ‡aLockwood, Matthew H., ‡eauthor. ‡1https://id.oclc.org/worldcat/entity/E39PCjxrjjWRV93v3DGTwYgHqP |
| 245 | 1 | 0. | ‡aExplorers : ‡ba new history / ‡cMatthew Lockwood. |
| 250 | . | ‡aFirst edition. | |
| 264 | 1. | ‡aNew York : ‡bW.W. Norton & Company, ‡c[2024] | |
| 264 | 4. | ‡c©2024 | |
| 300 | . | ‡a164 pages : ‡billustrations ; ‡c22 cm | |
| 336 | . | ‡atext ‡2rdacontent | |
| 337 | . | ‡aunmediated ‡2rdamedia | |
| 338 | . | ‡avolume ‡2rdacarrier | |
| 490 | 0 | . | ‡aNorton shorts |
| 520 | . | ‡a"Unfurling a tapestry of surprising and historically overlooked figures spanning forty centuries and six continents, historian Matthew Lockwood narrates lives filled with imagination and wonder, curiosity, connection, and exchange. Familiar icons of exploration like Pocahontas, Columbus, Sacagawea, and Captain Cook find new company in the untold stories of people usually denied the title "explorers," including immigrants, indigenous interpreters, local guides, and fugitive slaves. He highlights female voyagers like Gudrid Far-Traveler and Freydís Eiríksdóttir, Viking women who sailed to North America in 1000 AD, and Mary Wortley Montagu, whose pioneering travels to Constantinople would lead to the development of the world's first smallpox vaccine. Figures like Ghulam Rassul Galwan, a guide for European travelers in the Himalayas, reveal the hidden labor, expertise, and local enthusiasm behind many grand stories of discovery. Other characters, like David Dorr, a man born into slavery in New Orleans who embarked on a Grand Tour of Europe and Egypt, embody discovery and wonder as universal parts of the human condition.As Lockwood makes clear, people of every background imagine new worlds. Adventurers from every corner of the globe search for the unknown and try to understand it, remaking the world and themselves in the process. Exploration is for everyone who sets off into the unknown. It is the inheritance of all"-- ‡cProvided by publisher. | |
| 504 | . | ‡aIncludes bibliographical references (pages 145-153) and index. | |
| 650 | 0. | ‡aExplorers. ‡0(LARL_NWRL_CONSORTIUM)19848 | |
| 650 | 0. | ‡aDiscoveries in geography ‡xHistory. ‡0(LARL_NWRL_CONSORTIUM)164617 | |
| 901 | . | ‡a447330 ‡bOCoLC ‡c447330 ‡tbiblio ‡soclc | |

Add to basket
Permalink
Disable Highlighting